00833cam a2200241 a 450000100100000000500170001000800410002701000130006802000150008104000180009608200190011410000330013324500470016626000730021330000200028644000270030665000280033365000290036165000300039091000340042095201220045499900150057600000515720200929151608.0971231s1997 mx 000 0 spa  a97229335 a9682999987 aDO-SdBNPcDLC aM861.44bF634l1 aFlores, Malva,d1961-91475310aLadera de las cosas vivas /cMalva Flores. aMexico, D.F. :bConsejo Nacional para la Cultura y las Artes,c1997. a72 p. ;c21 cm. 0aPractica mortal914754 4aPoesía mexicana99120 4aVientosxPoesía914755 4aLiteratura mexicana91922 aCatalogación por copia / LC 001052708MOaGRbGRcCTd2009-07-29iLF1l0oM861.44 F634lp5157-10r2020-06-25w2020-06-25y2ZPréstamo interno c4960d4960